Directors of the Central Intelligence Agency - Statistics

General Stats
  • This quiz has been taken 4 times
  • The average score is 5 of 15
Answer Stats
Years Served President Answer % Correct
2013 - 2017 Barack Obama John Brennan
75%
2018 - 2021 Donald Trump Gina Haspel
50%
2017 - 2018 Donald Trump Mike Pompeo
50%
2021 - 2025 Joe Biden Bill Burns
25%
(Acting) 2021 Joe Biden David Cohen
25%
2011 - 2012 Barack Obama David Petraeus
25%
2025 - Present Donald Trump John Ratcliffe
25%
2009 - 2011 Barack Obama Leon Panetta
25%
(Acting) 2025 Donald Trump Maura Burns
25%
(Acting) 2017 Donald Trump Meroe Park
25%
2006 - 2009 George W. Bush Michael Hayden
25%
(Acting) 2011 Barack Obama Michael Morell
25%
(Acting) 2012 - 2013 Barack Obama Michael Morell
25%
2004 - 2006 George W. Bush Porter Goss
25%
(Acting 2025 Donald Trump Tom Sylvester
25%
No matching quizzes found
Score Distribution
Percent of People with Each Score
Percentile by Number Answered
Your Score History
You have not taken this quiz